[Event "CP-2013-P-00027"]
[Site "LSS email"]
[Date "2013.09.30"]
[Round "?"]
[White "Hughes, Stephen J"]
[Black "Luers, Charles J"]
[Result "1/2-1/2"]
[WhiteElo "2159"]
[BlackElo "1912"]
[PlyCount "53"]
[EventDate "2013.10.01"]
[EventType "tourn (corr)"]
[EventRounds "6"]
[EventCountry "GER"]
[SourceTitle "Corr 2015"]
[Source "ChessBase"]
[SourceDate "2015.07.17"]
[SourceVersion "1"]
[SourceVersionDate "2015.07.17"]
[SourceQuality "1"]

1. e4 e5 2. Nf3 Nc6 3. d4 exd4 4. Nxd4 Nf6 5. Nxc6 bxc6 6. e5 Qe7 7. Qe2 Nd5 8. c4 Nb6 9. Nc3 Qe6 10. Qe4 g6 11. Bd2 Ba6 12. c5 Nc4 13. Bxc4 Bxc4 14. b3 Bd5 15. Nxd5 cxd5 16. Qd4 f6 17. Bc3 fxe5 18. Qxe5 Rg8 19. 0-0-0 Qxe5 20. Bxe5 Bxc5 21. Bxc7 Rc8 22. Bg3 Bxf2+ 23. Kb2 Bxg3 24. hxg3 Rf8 25. Rxd5 Rf2+ 26. Ka3 Rcc2 27. Rxh7 1/2-1/2